| 000 | 00800nam a22002297a 4500 | ||
|---|---|---|---|
| 999 |
_c64483 _d64483 |
||
| 005 | 20240530110734.0 | ||
| 008 | 170925s2012 ua c f b 000 0 ara d | ||
| 017 |
_a2012/16260 _bمصر. دار الكتب |
||
| 020 | _a9789771809241 | ||
| 040 |
_aEG-CaGPL _cEG-CaGPL |
||
| 082 | 0 | 4 |
_221 _a923.5 _bق/خ ج |
| 100 | 0 | _aخالد ابو بكر . | |
| 245 | 1 | 0 |
_aالجنرال الثائر : _bسعدالدين الشاذلى / _cخالد ابو بكر . |
| 250 | _aط.1 | ||
| 260 |
_aالقاهرة : _bمطبعة دار الكتب و الوثائق القومية بالقاهرة ، _c2012 . |
||
| 300 |
_a271 ص : _bصور ؛ _c24 سم . |
||
| 600 | 0 |
_aسعدالدين الشاذلى _vتراجم . |
|
| 650 | _2qrmak | ||
| 651 | _2qrmak | ||
| 942 |
_2ddc _cBK |
||